• 首页
  • 本馆介绍
  • 公告通知
  • 最新文献
  • 馆藏检索
  • 电子资源
  • 读者导购
  • 参考咨询
  • 我的图书馆
  • 登录
  • 详细信息显示
  • 放入我的书架
  • 预约/预借图书
  • 作者相关作品
  • 分类相关作品
  • 丛书相关作品
  • 出版社相关作品

书目信息

  • 表格格式
  • 工作单格式
  • 卡片格式
题名:
杨贤江教育文集
    
 
作者: 杨贤江 著 ;厦门大学 , 中央教育科学研究所 编
分册:  
出版信息: 北京   教育科学出版社  1982
页数: 677页
开本: 21cm
丛书名:
单 册:
中图分类: G40 , G40-53
科图分类:
主题词: 教育学--文集
电子资源:
ISBN:
000 00808nam0 2200265 45
001 0183009361
005 20070729174141.44
010    @dCNY3.15
091    @a7232.123
100    @a19950608f19831982emky0chiy0121 ea
101 0  @achi
102    @aCN@b110000
105    @af z 000yy
200 10 @a杨贤江教育文集@Ayang xian jiang jiao yu wen ji@f杨贤江著@g中央教育科学研究所,厦门大学编
210    @a北京@c教育科学出版社@d1982@h1983重印
215    @a677页@c肖像及照片@d21cm
606    @a教育学@x文集
690    @aG40
690    @aG40-53@v3
701  0 @a杨贤江@Ayang xian jiang@4著
712 02 @a厦门大学@Axia men da xue@4编
712 02 @a中央教育科学研究所@Azhong yang jiao yu ke xue yan jiu suo@4编
801  2 @aCN@bNLC@c20070729
801  0 @aCN@b上海图书馆@c20040428
905    @f1@b120515@dG40@e62
    
    杨贤江教育文集/杨贤江著/中央教育科学研究所,厦门大学编.-北京:教育科学出版社,1982(1983重印)
    677页:肖像及照片;21cm
    
    
    ISBN :CNY3.15
    
●
相关链接 在E读中查询图书 在五车中查询图书 在当当中查询图书 在豆瓣中查询图书


正题名:杨贤江教育文集     索取号:G40/62         预约/预借

序号 登录号 条形码 馆藏地/架位号 状态 备注
1 0120515   000286951   第四借阅区/ [索取号:G40/62] 在馆    
2 0120516   001748274   密集书库/ [索取号:G40/62] 在馆    
3 0120517   002066034   第一样本阅览室/ [索取号:G40/62] 在馆    
4 0785498   207854981   密集书库/ [索取号:G40/62] 在馆    
唐山师范学院图书馆 欢迎您!
大连网信软件有限公司© 版权所有